000 00451nam a2200181Ia 4500
001 13272
005 20260306163041.0
008 260306t2006||||xx |||||||||||||| ||spa||
041 _aESP
082 _a001.42
_bH45 2006
100 _aHernández Sampieri, Roberto
_eAUT
245 0 _aMetodología de la investigación
260 _c2006
300 _axliv, 850 páginas :
_c23 cm.
650 _aGEN
654 _aCHU
942 _cLIB
_dJUS
_fJUS
_2ddc
_n
999 _c13272
_d13272